Famous Blonde People by Picture - Statistics

General Stats
  • This quiz has been taken 374 times
  • The average score is 10 of 16
Answer Stats
Picture Answer % Correct
Donald Trump
96%
Justin Bieber
93%
Jennifer Aniston
87%
Jennifer Lawrence
80%
Dolly Parton
79%
Paris Hilton
74%
Reese Witherspoon
68%
Gwyneth Paltrow
66%
Kate Winslet
63%
Drew Barrymore
57%
Christina Aguilera
55%
Brie Larson
48%
Ewan McGregor
42%
Michelle Williams
31%
Sophie Turner
21%
Anna Paquin
16%
No matching quizzes found
Score Distribution
Percent of People with Each Score
Percentile by Number Answered
Your Score History
You have not taken this quiz